000 00920cas a2200325 a 4500
005 20250329173736.0
007 ta
008 841123c19839999ck qr p 0 0spa
022 _a2805-6396
040 _aCO-CtgCURN
_bspa
_ccoctgcurn
042 _alc
043 _as-ck---
082 0 _a303.6861
_219
245 0 0 _aRevista ámbito jurídico.
246 1 0 _aámbito jurídico
246 1 0 _aTemas propios del derecho
260 1 _aBogotá :
_bLegis,
_c2023.
300 _av. :
_bill. ;
_c27 cm.
310 _aMensual
362 0 _a624 (2024)
500 _aTítulo de la portada.
530 _aTambien disponible por Internet.
650 1 4 _aDerecho
_vPeriodicas
_zColombia.
650 1 4 _aJurisprudencia
_zColombia
_vPeriodicas.
650 1 4 _aRevistas electronicas.
710 2 _aLegis.
856 4 1 _uhttps://www.ambitojuridico.com/
_zPara ver la revistya click aqui
942 _cRE
999 _c8072
_d8072